[Event "FICGS W-ch st2 g02 email"]
[Site "FICGS email"]
[Date "2007.07.11"]
[Round "1"]
[White "Pires, Miguel"]
[Black "Escobar, Telmo"]
[Result "0-1"]
[WhiteElo "2248"]
[BlackElo "2055"]
[PlyCount "20"]
[EventDate "2007.??.??"]
[EventType "tourn (corr)"]
[EventRounds "8"]
[SourceTitle "Corr 2022"]
[Source "ChessBase"]
[SourceDate "2021.10.24"]
[SourceVersion "1"]
[SourceVersionDate "2021.10.24"]
[SourceQuality "1"]

1. e4 c5 2. Nf3 d6 3. d4 cxd4 4. Nxd4 Nf6 5. Nc3 g6 6. f3 Bg7 7. Bc4 Nc6 8. Be3 0-0 9. Qd2 Bd7 10. 0-0-0 Rc8 0-1

[Event "FICGS W-ch st1 g05 email"]
[Site "FICGS email"]
[Date "2007.07.11"]
[Round "1"]
[White "Pires, Miguel"]
[Black "Plante, Marc Eric"]
[Result "0-1"]
[WhiteElo "2248"]
[BlackElo "2101"]
[PlyCount "36"]
[EventDate "2007.??.??"]
[EventType "tourn (corr)"]
[EventRounds "8"]
[SourceTitle "Corr 2022"]
[Source "ChessBase"]
[SourceDate "2021.10.24"]
[SourceVersion "1"]
[SourceVersionDate "2021.10.24"]
[SourceQuality "1"]

1. e4 c5 2. Nf3 d6 3. d4 cxd4 4. Nxd4 Nf6 5. Nc3 a6 6. Bg5 e6 7. f4 Nc6 8. Nxc6 bxc6 9. e5 h6 10. Bh4 g5 11. fxg5 Nd5 12. Nxd5 cxd5 13. Qh5 Qb6 14. Bd3 Bg7 15. g6 0-0 16. exd6 Qb4+ 17. c3 Bxc3+ 18. Kd1 Qxb2 0-1

[Event "FICGS W-ch st2 g02 email"]
[Site "FICGS email"]
[Date "2007.07.11"]
[Round "1"]
[White "Schiller, Wilfried"]
[Black "Pires, Miguel"]
[Result "1-0"]
[WhiteElo "2281"]
[BlackElo "2248"]
[PlyCount "25"]
[EventDate "2007.??.??"]
[EventType "tourn (corr)"]
[EventRounds "8"]
[SourceTitle "Corr 2022"]
[Source "ChessBase"]
[SourceDate "2021.10.24"]
[SourceVersion "1"]
[SourceVersionDate "2021.10.24"]
[SourceQuality "1"]

1. e4 c5 2. Nf3 d6 3. Bb5+ Bd7 4. Bxd7+ Qxd7 5. d4 cxd4 6. Nxd4 Nf6 7. Nc3 g6 8. Be3 Bg7 9. f3 Nc6 10. 0-0 0-0 11. Qd2 Ne5 12. b3 Rac8 13. Nd5 1-0

[Event "FICGS W-ch st1 g05 email"]
[Site "FICGS email"]
[Date "2007.07.11"]
[Round "1"]
[White "Toutaoui, Khaled"]
[Black "Pires, Miguel"]
[Result "1-0"]
[WhiteElo "1715"]
[BlackElo "2248"]
[PlyCount "27"]
[EventDate "2007.??.??"]
[EventType "tourn (corr)"]
[EventRounds "8"]
[SourceTitle "Corr 2022"]
[Source "ChessBase"]
[SourceDate "2021.10.24"]
[SourceVersion "1"]
[SourceVersionDate "2021.10.24"]
[SourceQuality "1"]

1. e4 c5 2. Nf3 d6 3. d4 cxd4 4. Nxd4 Nf6 5. Nc3 a6 6. Be2 e5 7. Nf3 Be7 8. 0-0 0-0 9. h3 Nc6 10. a3 Be6 11. b4 d5 12. exd5 Nxd5 13. Nxd5 Qxd5 14. c4 1-0

[Event "FICGS rapid M 000008 email"]
[Site "FICGS email"]
[Date "2007.06.23"]
[Round "1"]
[White "Yunusov, Adkham"]
[Black "Pires, Miguel"]
[Result "1-0"]
[WhiteElo "2394"]
[BlackElo "2270"]
[PlyCount "37"]
[EventDate "2007.??.??"]
[EventType "tourn (rapid)"]
[EventRounds "6"]
[SourceTitle "Corr 2022"]
[Source "ChessBase"]
[SourceDate "2021.10.24"]
[SourceVersion "1"]
[SourceVersionDate "2021.10.24"]
[SourceQuality "1"]

1. e4 c5 2. c3 d6 3. d4 cxd4 4. cxd4 Nf6 5. Nc3 g6 6. Nf3 Bg7 7. Be2 0-0 8. 0-0 Nc6 9. d5 Nb4 10. Be3 Na6 11. Rc1 Bd7 12. Nd2 Nc7 13. b4 a6 14. Bb6 Qc8 15. a4 Qb8 16. Nc4 Be8 17. f4 Nd7 18. Bd4 b5 19. Bxg7 1-0

[Event "FICGS W-ch st1 g23 email"]
[Site "FICGS email"]
[Date "2007.01.16"]
[Round "1"]
[White "Pires, Miguel"]
[Black "Retamoza, Francisco"]
[Result "1-0"]
[WhiteElo "2160"]
[BlackElo "2107"]
[PlyCount "61"]
[EventDate "2007.??.??"]
[EventType "tourn (corr)"]
[EventRounds "8"]
[SourceTitle "Corr 2022"]
[Source "ChessBase"]
[SourceDate "2021.10.24"]
[SourceVersion "1"]
[SourceVersionDate "2021.10.24"]
[SourceQuality "1"]

1. e4 c5 2. Nf3 Nc6 3. d4 cxd4 4. Nxd4 Nf6 5. Nc3 e5 6. Ndb5 d6 7. Bg5 a6 8. Na3 b5 9. Nd5 Be7 10. Bxf6 Bxf6 11. c3 Bg5 12. Nc2 0-0 13. a4 bxa4 14. Rxa4 a5 15. Bc4 Rb8 16. Ra2 Kh8 17. Nce3 g6 18. 0-0 f5 19. exf5 gxf5 20. Qh5 e4 21. Rd1 Ne5 22. Be2 Be6 23. Nc4 Nxc4 24. Bxc4 Bxd5 25. Rxd5 Ra8 26. g3 Be7 27. Rxf5 Qb6 28. Raxa5 e3 29. Rf7 exf2+ 30. Kf1 Rxf7 31. Rxa8+ 1-0

[Event "FICGS class A 000012 email"]
[Site "FICGS email"]
[Date "2007.01.02"]
[Round "1"]
[White "Pires, Miguel"]
[Black "Plante, Marc Eric"]
[Result "1/2-1/2"]
[WhiteElo "2160"]
[BlackElo "2021"]
[PlyCount "75"]
[EventDate "2007.??.??"]
[EventType "tourn (corr)"]
[EventRounds "6"]
[SourceTitle "Corr 2022"]
[Source "ChessBase"]
[SourceDate "2021.10.24"]
[SourceVersion "1"]
[SourceVersionDate "2021.10.24"]
[SourceQuality "1"]

1. e4 c5 2. Nf3 d6 3. d4 cxd4 4. Nxd4 Nf6 5. Nc3 a6 6. Bg5 e6 7. f4 Nc6 8. Nxc6 bxc6 9. e5 h6 10. Bh4 g5 11. Bf2 Nd5 12. Ne4 gxf4 13. Qh5 dxe5 14. Qxe5 Rg8 15. 0-0-0 f5 16. Rxd5 cxd5 17. Nf6+ Kf7 18. Nxg8 Kxg8 19. Bd4 Qg5 20. h4 Qg7 21. Qxf4 Qg4 22. Qxg4+ fxg4 23. Bd3 Bg7 24. Bxg7 Kxg7 25. Re1 Ra7 26. Kd2 Rf7 27. c4 g3 28. cxd5 exd5 29. Kc3 Rf2 30. Re2 Rf4 31. Re5 d4+ 32. Kc4 Kf6 33. Rh5 Be6+ 34. Kc5 Kg7 35. Re5 Kf6 36. Rh5 Kg7 37. Re5 Kf6 38. Rh5 1/2-1/2

[Event "FICGS theme 0000 email"]
[Site "FICGS email"]
[Date "2006.12.22"]
[Round "1"]
[White "Kund, Wolfgang"]
[Black "Pires, Miguel"]
[Result "1-0"]
[WhiteElo "2557"]
[BlackElo "2143"]
[PlyCount "61"]
[EventDate "2006.??.??"]
[EventType "swiss (corr)"]
[EventRounds "1"]
[SourceTitle "Corr 2022"]
[Source "ChessBase"]
[SourceDate "2021.10.24"]
[SourceVersion "1"]
[SourceVersionDate "2021.10.24"]
[SourceQuality "1"]

1. e4 e5 2. Bb5 c6 3. Be2 Nf6 4. Nf3 d5 5. exd5 e4 6. Ne5 cxd5 7. d4 Bd6 8. c4 Nc6 9. Nxc6 bxc6 10. Bg5 Rb8 11. c5 Bc7 12. Qd2 0-0 13. Nc3 h6 14. Bh4 Re8 15. a3 a5 16. b4 g5 17. Bg3 Bd7 18. Rb1 Bf5 19. Bxc7 Qxc7 20. Rb3 axb4 21. axb4 Ng4 22. Bxg4 Bxg4 23. 0-0 Qb7 24. b5 cxb5 25. h4 f6 26. Rxb5 Qa8 27. Rb2 Qc6 28. Rfb1 Rxb2 29. Rxb2 Ra8 30. Qe1 Ra6 31. f3 1-0

[Event "FICGS theme 0000 email"]
[Site "FICGS email"]
[Date "2006.12.22"]
[Round "1"]
[White "Pires, Miguel"]
[Black "Pech, Jaroslav Sr"]
[Result "1-0"]
[WhiteElo "2143"]
[BlackElo "1929"]
[PlyCount "21"]
[EventDate "2006.??.??"]
[EventType "swiss (corr)"]
[EventRounds "1"]
[SourceTitle "Corr 2022"]
[Source "ChessBase"]
[SourceDate "2021.10.24"]
[SourceVersion "1"]
[SourceVersionDate "2021.10.24"]
[SourceQuality "1"]

1. e4 e5 2. Bb5 c6 3. Ba4 d5 4. Nc3 d4 5. Nce2 Nf6 6. d3 Be7 7. Nf3 Bg4 8. c3 0-0 9. Nxe5 Bxe2 10. Qxe2 Qa5 11. Nxf7 1-0

[Event "FICGS theme 0000 email"]
[Site "FICGS email"]
[Date "2006.12.22"]
[Round "1"]
[White "Pires, Miguel"]
[Black "Vasquez, Fernando Jose Pinto"]
[Result "0-1"]
[WhiteElo "2143"]
[BlackElo "1695"]
[PlyCount "46"]
[EventDate "2006.??.??"]
[EventType "swiss (corr)"]
[EventRounds "1"]
[SourceTitle "Corr 2022"]
[Source "ChessBase"]
[SourceDate "2021.10.24"]
[SourceVersion "1"]
[SourceVersionDate "2021.10.24"]
[SourceQuality "1"]

1. e4 e5 2. Bb5 c6 3. Ba4 Nf6 4. Qe2 Bc5 5. Nf3 0-0 6. 0-0 d6 7. d3 Bg4 8. h3 Bh5 9. Bb3 a5 10. Nc3 Nbd7 11. Bd2 b5 12. a3 Bb6 13. Rfe1 Nc5 14. Ba2 Ne6 15. Bxe6 fxe6 16. Be3 Bd4 17. Nd1 Qe8 18. c3 Bxe3 19. Qxe3 Bxf3 20. Qxf3 Nh5 21. Qe2 Rf6 22. Ne3 Nf4 23. Qf1 Qh5 0-1

[Event "FICGS class A 000009 email"]
[Site "FICGS email"]
[Date "2006.11.18"]
[Round "1"]
[White "Crozey, Antoine"]
[Black "Pires, Miguel"]
[Result "0-1"]
[WhiteElo "2291"]
[BlackElo "2143"]
[PlyCount "36"]
[EventDate "2006.??.??"]
[EventType "tourn (corr)"]
[EventRounds "6"]
[SourceTitle "Corr 2022"]
[Source "ChessBase"]
[SourceDate "2021.10.24"]
[SourceVersion "1"]
[SourceVersionDate "2021.10.24"]
[SourceQuality "1"]

1. e4 c5 2. Nf3 d6 3. d4 cxd4 4. Nxd4 Nf6 5. Nc3 a6 6. Be3 e6 7. Be2 Qc7 8. Qd2 b5 9. a3 Bb7 10. f3 Nc6 11. 0-0 Ne5 12. Rfd1 Be7 13. Ndxb5 axb5 14. Nxb5 Qc6 15. Nxd6+ Bxd6 16. Qxd6 Qxd6 17. Rxd6 0-0 18. Rb6 Bc6 0-1

[Event "FICGS class A 000009 email"]
[Site "FICGS email"]
[Date "2006.11.18"]
[Round "1"]
[White "Pires, Miguel"]
[Black "Lowrance, Wayne"]
[Result "0-1"]
[WhiteElo "2143"]
[BlackElo "2005"]
[PlyCount "96"]
[EventDate "2006.??.??"]
[EventType "tourn (corr)"]
[EventRounds "6"]
[SourceTitle "Corr 2022"]
[Source "ChessBase"]
[SourceDate "2021.10.24"]
[SourceVersion "1"]
[SourceVersionDate "2021.10.24"]
[SourceQuality "1"]

1. e4 e5 2. Bb5 c6 3. Ba4 d5 4. Nc3 a5 5. Bb3 d4 6. Nce2 a4 7. Bc4 b5 8. Bd3 Na6 9. Nf3 Bc5 10. Nxe5 Qd6 11. Nf3 Nb4 12. e5 Nxd3+ 13. cxd3 Qg6 14. 0-0 Ne7 15. Nexd4 Nd5 16. b4 axb3 17. Nxb3 Bb6 18. d4 Bg4 19. Bb2 0-0 20. Re1 Nf4 21. Re3 f6 22. Qf1 Nd5 23. Rd3 Bxf3 24. Rxf3 fxe5 25. Rxf8+ Rxf8 26. g3 Nf4 27. Ba3 Ra8 28. Bc5 Bxc5 29. dxc5 Nd3 30. f3 Qf5 31. Qe2 Ra4 32. Qe3 h6 33. Nc1 Nb4 34. Qe4 Qxe4 35. fxe4 Nc2 36. Rb1 Rxe4 37. Nb3 Ra4 38. Nc1 Kf7 39. Nd3 Ke6 40. Rb2 Na3 41. Rb4 Ra8 42. Re4 Nc4 43. Nb4 Ra4 44. Nxc6 Kd5 45. d3 Kxc6 46. dxc4 bxc4 47. Kf1 Kd5 48. Re2 Kd4 0-1

[Event "FICGS class A 000007 email"]
[Site "FICGS email"]
[Date "2006.08.27"]
[Round "1"]
[White "Aigner, Michael"]
[Black "Pires, Miguel"]
[Result "1/2-1/2"]
[WhiteElo "2180"]
[BlackElo "2019"]
[PlyCount "36"]
[EventDate "2006.??.??"]
[EventType "tourn (corr)"]
[EventRounds "6"]
[SourceTitle "Corr 2022"]
[Source "ChessBase"]
[SourceDate "2021.10.24"]
[SourceVersion "1"]
[SourceVersionDate "2021.10.24"]
[SourceQuality "1"]

1. e4 c5 2. d3 Nc6 3. Nd2 g6 4. g3 Bg7 5. Bg2 e6 6. Ngf3 Nge7 7. 0-0 0-0 8. Re1 d6 9. c3 e5 10. a3 Be6 11. b4 Qc7 12. Ng5 Bd7 13. b5 Na5 14. a4 f6 15. Ngf3 b6 16. c4 Nb7 17. Qb3 a5 18. Bb2 Nd8 1/2-1/2

[Event "FICGS class A 000007 email"]
[Site "FICGS email"]
[Date "2006.08.27"]
[Round "1"]
[White "Pires, Miguel"]
[Black "Godat, Terry"]
[Result "1/2-1/2"]
[WhiteElo "2019"]
[BlackElo "2155"]
[PlyCount "84"]
[EventDate "2006.??.??"]
[EventType "tourn (corr)"]
[EventRounds "6"]
[SourceTitle "Corr 2022"]
[Source "ChessBase"]
[SourceDate "2021.10.24"]
[SourceVersion "1"]
[SourceVersionDate "2021.10.24"]
[SourceQuality "1"]

1. e4 e5 2. Bb5 c6 3. Ba4 Nf6 4. Qe2 Bc5 5. Nf3 d5 6. exd5 0-0 7. dxc6 bxc6 8. Nc3 e4 9. Ne5 Qc7 10. Nc4 Bg4 11. f3 exf3 12. gxf3 Re8 13. Ne3 Bh3 14. Qf2 Nbd7 15. Qg3 Qxg3+ 16. hxg3 Bg2 17. Rh4 Bxe3 18. dxe3 Bxf3 19. Rd4 Rab8 20. b4 Ne5 21. Kf1 Rbd8 22. Bb3 Rc8 23. a4 h6 24. Bd2 h5 25. e4 c5 26. bxc5 Rxc5 27. Nd5 Nxe4 28. Bb4 Rxd5 29. Bxd5 Nxg3+ 30. Kf2 Ne2 31. Rd2 Bxd5 32. Rxe2 Ng4+ 33. Ke1 Rxe2+ 34. Kxe2 h4 35. Rd1 Be4 36. Rd8+ Kh7 37. Rd7 h3 38. Bd6 f6 39. Bg3 Bxc2 40. Rxa7 h2 41. Bxh2 Nxh2 42. a5 Ng4 1/2-1/2

[Event "FICGS class A 000007 email"]
[Site "FICGS email"]
[Date "2006.08.27"]
[Round "1"]
[White "Seyhanoglu, Deniz"]
[Black "Pires, Miguel"]
[Result "1/2-1/2"]
[WhiteElo "2053"]
[BlackElo "2019"]
[PlyCount "49"]
[EventDate "2006.??.??"]
[EventType "tourn (corr)"]
[EventRounds "6"]
[SourceTitle "Corr 2022"]
[Source "ChessBase"]
[SourceDate "2021.10.24"]
[SourceVersion "1"]
[SourceVersionDate "2021.10.24"]
[SourceQuality "1"]

1. e4 c5 2. Nf3 d6 3. d4 cxd4 4. Nxd4 Nf6 5. Nc3 a6 6. Bg5 e6 7. Qd2 Be7 8. f3 Nc6 9. 0-0-0 Nxd4 10. Qxd4 h6 11. Be3 b5 12. e5 dxe5 13. Qxe5 Qa5 14. Bc5 Bxc5 15. Qxc5 Bd7 16. Qd6 Rc8 17. Ne4 Bc6 18. Nxf6+ gxf6 19. Kb1 Qd8 20. Be2 Qxd6 21. Rxd6 Rg8 22. g3 Rg5 23. Rhd1 Rh5 24. h4 Re5 25. R1d2 1/2-1/2

[Event "LSS RI-2006-0-00079"]
[Site "LSS email"]
[Date "2006.06.23"]
[Round "1"]
[White "Grobler, Dave"]
[Black "Pires, Miguel"]
[Result "0-1"]
[WhiteElo "1993"]
[BlackElo "2014"]
[PlyCount "24"]
[EventDate "2006.10.31"]
[EventType "tourn (corr)"]
[EventRounds "6"]
[EventCountry "GER"]
[SourceTitle "Corr 2022"]
[Source "ChessBase"]
[SourceDate "2021.10.24"]
[SourceVersion "1"]
[SourceVersionDate "2021.10.24"]
[SourceQuality "1"]

1. e4 c5 2. Nf3 d6 3. d4 cxd4 4. Nxd4 Nf6 5. Nc3 a6 6. Bg5 e6 7. Qe2 b5 8. a4 b4 9. Na2 Bb7 10. Nxb4 Be7 11. Bxf6 Bxf6 12. Qe3 Qb6 0-1

[Event "FICGS class A 000005 email"]
[Site "FICGS email"]
[Date "2006.06.20"]
[Round "1"]
[White "Schwarz, Ingo"]
[Black "Pires, Miguel"]
[Result "0-1"]
[WhiteElo "2004"]
[BlackElo "2014"]
[PlyCount "68"]
[EventDate "2006.??.??"]
[EventType "tourn (corr)"]
[EventRounds "6"]
[SourceTitle "Corr 2022"]
[Source "ChessBase"]
[SourceDate "2021.10.24"]
[SourceVersion "1"]
[SourceVersionDate "2021.10.24"]
[SourceQuality "1"]

1. e4 c5 2. f4 b6 3. Bc4 Nc6 4. Nf3 Na5 5. Bd5 Rb8 6. e5 e6 7. Be4 d5 8. Bd3 c4 9. Be2 Nh6 10. d4 Be7 11. c3 Bd7 12. Be3 b5 13. h3 Nf5 14. Bf2 h5 15. h4 Qc7 16. Ng5 g6 17. g4 Ng7 18. Rg1 b4 19. gxh5 Nxh5 20. Bxh5 Rxh5 21. Qg4 Bxg5 22. fxg5 bxc3 23. bxc3 Nc6 24. Nd2 Qa5 25. Qf3 Rb2 26. a3 Rc2 27. Nb1 Qb5 28. Nd2 Qb2 29. Rb1 Qxa3 30. Rf1 Rxc3 31. Qf4 Rh7 32. Ke2 Rc2 33. Kd1 Qd3 34. Be1 c3 0-1

[Event "Braga district-ch"]
[Site "Braga"]
[Date "2006.05.19"]
[Round "1"]
[White "Pires, Miguel"]
[Black "Branco, Ricardo Joao Fernan"]
[Result "0-1"]
[WhiteElo "1536"]
[BlackElo "1958"]
[PlyCount "93"]
[EventDate "2006.05.19"]
[EventType "swiss"]
[EventRounds "9"]
[EventCountry "POR"]
[SourceTitle "EXT 2008"]
[Source "ChessBase"]
[SourceDate "2007.11.25"]
[SourceVersion "1"]
[SourceVersionDate "2007.11.25"]
[SourceQuality "1"]

1. e4 e5 2. Bb5 c6 3. Bd3 Nf6 4. Qe2 Be7 5. Nf3 d6 6. c3 0-0 7. Bc2 Nbd7 8. d4 Qc7 9. 0-0 Re8 10. Nbd2 Nf8 11. dxe5 dxe5 12. Nc4 Ng6 13. Ne3 Nf4 14. Qe1 b5 15. Nf5 Bxf5 16. exf5 e4 17. Ng5 Nd3 18. Qe2 Bd6 19. Bxd3 Bxh2+ 20. Kh1 exd3 21. Qxd3 Rad8 22. Qh3 Bf4 23. Bxf4 Qxf4 24. Nf3 Re2 25. Rad1 Rde8 26. Rfe1 Rxe1+ 27. Rxe1 Rxe1+ 28. Nxe1 Qxf2 29. Nd3 Qf1+ 30. Kh2 h5 31. Ne5 Qf4+ 32. Qg3 Qxf5 33. Nf3 Ng4+ 34. Kg1 Qb1+ 35. Qe1 Qxe1+ 36. Nxe1 Ne5 37. Kf2 f6 38. b3 Kf7 39. Ke3 Ke6 40. Ke4 g5 41. Nc2 f5+ 42. Ke3 h4 43. Nd4+ Kf6 44. a3 a5 45. Ke2 b4 46. cxb4 axb4 47. axb4 0-1

[Event "FICGS class A 000003 email"]
[Site "FICGS email"]
[Date "2006.04.22"]
[Round "1"]
[White "Pecotic, Kuzma"]
[Black "Pires, Miguel"]
[Result "1/2-1/2"]
[WhiteElo "2179"]
[BlackElo "2000"]
[PlyCount "85"]
[EventDate "2006.??.??"]
[EventType "tourn (corr)"]
[EventRounds "6"]
[SourceTitle "Corr 2022"]
[Source "ChessBase"]
[SourceDate "2021.10.24"]
[SourceVersion "1"]
[SourceVersionDate "2021.10.24"]
[SourceQuality "1"]

1. e4 c5 2. Nf3 d6 3. d4 cxd4 4. Nxd4 Nf6 5. Nc3 a6 6. Be3 e6 7. f3 b5 8. g4 h6 9. Qd2 b4 10. Na4 Nbd7 11. 0-0-0 Ne5 12. Qxb4 Bd7 13. Nc3 Qc7 14. Qb3 Rb8 15. Qa3 Nc4 16. Bxc4 Qxc4 17. Qa5 d5 18. Bf4 Bb4 19. Qc7 Qxc7 20. Bxc7 Rc8 21. Be5 Bxc3 22. bxc3 dxe4 23. Bxf6 gxf6 24. fxe4 Rxc3 25. Rd3 Rxd3 26. cxd3 e5 27. Nf5 h5 28. Ng7+ Ke7 29. Nxh5 Bxg4 30. Ng3 Rh3 31. Kd2 Be6 32. a3 Kd6 33. Ke2 Kc5 34. Ke3 a5 35. Kd2 Kb5 36. Kc3 Ka4 37. Nf5 Bxf5 38. exf5 e4 39. Rd1 Kb5 40. Kd4 exd3 41. Rxd3 Rxh2 42. Kd5 Re2 43. Rd4 1/2-1/2

[Event "FICGS class A 000003 email"]
[Site "FICGS email"]
[Date "2006.04.22"]
[Round "1"]
[White "Pintor, Manuel Abranches"]
[Black "Pires, Miguel"]
[Result "1-0"]
[WhiteElo "2173"]
[BlackElo "2000"]
[PlyCount "53"]
[EventDate "2006.??.??"]
[EventType "tourn (corr)"]
[EventRounds "6"]
[SourceTitle "Corr 2022"]
[Source "ChessBase"]
[SourceDate "2021.10.24"]
[SourceVersion "1"]
[SourceVersionDate "2021.10.24"]
[SourceQuality "1"]

1. e4 c5 2. Nc3 d6 3. f4 Nf6 4. d4 cxd4 5. Qxd4 Nc6 6. Qd2 g6 7. Nf3 Bg7 8. Bd3 0-0 9. 0-0 Bd7 10. h3 Nb4 11. Qf2 Qa5 12. Be3 Rfc8 13. a3 Nxd3 14. cxd3 Bc6 15. Bd4 Qa6 16. Rad1 b6 17. Qh4 Rc7 18. f5 Re8 19. Bxf6 Bxf6 20. Ng5 h5 21. Nd5 Bxd5 22. exd5 Kg7 23. fxg6 Kxg6 24. g4 Rh8 25. Rxf6+ exf6 26. Ne4 Kh7 27. Nxf6+ 1-0

[Event "FICGS class A 000003 email"]
[Site "FICGS email"]
[Date "2006.04.22"]
[Round "1"]
[White "Pires, Miguel"]
[Black "Aigner, Michael"]
[Result "0-1"]
[WhiteElo "2000"]
[BlackElo "2070"]
[PlyCount "116"]
[EventDate "2006.??.??"]
[EventType "tourn (corr)"]
[EventRounds "6"]
[SourceTitle "Corr 2022"]
[Source "ChessBase"]
[SourceDate "2021.10.24"]
[SourceVersion "1"]
[SourceVersionDate "2021.10.24"]
[SourceQuality "1"]

1. e4 c5 2. Nf3 Nc6 3. d4 cxd4 4. Nxd4 e5 5. Nb5 d6 6. c4 Nf6 7. Bd3 Be7 8. 0-0 0-0 9. b3 Bg4 10. Qd2 a6 11. N5a3 Nh5 12. Nc3 Nf4 13. Nd5 Bg5 14. Qc3 Ne7 15. Nxe7+ Qxe7 16. Nc2 f5 17. Bxf4 Bxf4 18. Ne3 Qg5 19. Nxf5 g6 20. Ng3 Bd2 21. Qb2 Bb4 22. Be2 Be6 23. Rad1 h5 24. a3 Bc5 25. b4 Bd4 26. Rxd4 exd4 27. Qxd4 h4 28. f4 Rxf4 29. Qxd6 Rxf1+ 30. Nxf1 Re8 31. c5 Bd5 32. Bxa6 Rd8 33. Qb6 Bc6 34. Bc4+ Kh8 35. Qc7 Bxe4 36. g3 Bc6 37. Qf7 Qe5 38. Qf2 hxg3 39. hxg3 Qe4 40. Qf6+ Kh7 41. Qh4+ Qxh4 42. gxh4 Rd4 43. Ne3 Rxh4 44. b5 Be4 45. a4 Rh1+ 46. Kf2 Ra1 47. Bb3 Kg7 48. Nc4 Bd5 49. Ke3 Kf6 50. Kd4 Ke6 51. Bc2 g5 52. Ne3 Bf3 53. Kc3 Kd7 54. a5 Kc7 55. Kb4 Kb8 56. Bd3 Re1 57. Nc2 Rd1 58. Kc4 g4 0-1

[Event "FICGS class C 000001 email"]
[Site "FICGS email"]
[Date "2006.04.09"]
[Round "1"]
[White "Pires, Miguel"]
[Black "Stibal, George"]
[Result "1/2-1/2"]
[WhiteElo "2000"]
[BlackElo "2134"]
[PlyCount "114"]
[EventDate "2006.??.??"]
[EventType "tourn (corr)"]
[EventRounds "1"]
[SourceTitle "Corr 2022"]
[Source "ChessBase"]
[SourceDate "2021.10.24"]
[SourceVersion "1"]
[SourceVersionDate "2021.10.24"]
[SourceQuality "1"]

1. e4 c5 2. Nf3 Nc6 3. d4 cxd4 4. Nxd4 Nf6 5. Nc3 e5 6. Ndb5 d6 7. Bg5 a6 8. Na3 b5 9. Nd5 Be7 10. c3 Nxe4 11. Be3 Rb8 12. Bd3 Nc5 13. 0-0 f5 14. Bc2 0-0 15. Qd2 f4 16. Bxc5 dxc5 17. Nxe7+ Qxe7 18. Qd5+ Kh8 19. Rfd1 Bb7 20. Qd3 Qh4 21. f3 Ne7 22. Qe2 Nd5 23. Be4 Ne3 24. Rd2 Bxe4 25. fxe4 Qg5 26. Nc2 Nc4 27. Rd5 f3 28. Qf2 Nxb2 29. Rf1 Kg8 30. h4 Qg4 31. Ne3 Qxe4 32. gxf3 Qf4 33. Rd7 Qh6 34. Ng4 Qe6 35. Ra7 Nd3 36. Qe3 c4 37. Kh2 Ra8 38. Rb7 Qc6 39. Nh6+ Kh8 40. Nf7+ Rxf7 41. Rxf7 Qe6 42. Ra7 Rxa7 43. Qxa7 g6 44. a4 Qf6 45. Kg3 Qf4+ 46. Kh3 Qf5+ 47. Kh2 Nf4 48. Kg1 Qf6 49. Rd1 Nd3 50. Qa8+ Kg7 51. Qa7+ Kh6 52. Qe3+ Kh5 53. axb5 axb5 54. Rd2 Qf4 55. Qxf4 exf4 56. Kg2 Kxh4 57. Rd1 Nc5 1/2-1/2

[Event "FICGS class C 000001 email"]
[Site "FICGS email"]
[Date "2006.04.09"]
[Round "1"]
[White "Tsenkov, Lyubomir"]
[Black "Pires, Miguel"]
[Result "1-0"]
[WhiteElo "2133"]
[BlackElo "2000"]
[PlyCount "97"]
[EventDate "2006.??.??"]
[EventType "tourn (corr)"]
[EventRounds "1"]
[SourceTitle "Corr 2022"]
[Source "ChessBase"]
[SourceDate "2021.10.24"]
[SourceVersion "1"]
[SourceVersionDate "2021.10.24"]
[SourceQuality "1"]

1. c4 Nf6 2. Nc3 e6 3. e4 e5 4. Nf3 Nc6 5. d4 exd4 6. Nxd4 Bb4 7. Nxc6 bxc6 8. Bd3 0-0 9. 0-0 d6 10. Bg5 Rb8 11. a3 Bc5 12. Bc2 h6 13. Bh4 a5 14. Re1 Re8 15. Qd2 g5 16. Bg3 Nh5 17. Na4 Nxg3 18. hxg3 Ba7 19. b3 Qf6 20. c5 Re5 21. Rac1 Bg4 22. Qxa5 Bxc5 23. Nxc5 Rxc5 24. Qa7 Qd8 25. Qa4 Be6 26. Qd4 Ra5 27. Qd3 Qf6 28. b4 Ra7 29. Re3 Qe5 30. f4 Qb5 31. Qc3 Qc4 32. Qf6 c5 33. Qxh6 Qd4 34. Qxg5+ Kf8 35. f5 Rxa3 36. Rce1 Rxe3 37. Qxe3 Bc4 38. bxc5 dxc5 39. e5 Bd5 40. Kh2 Qxe3 41. Rxe3 c4 42. g4 Rb2 43. Rc3 Ra2 44. g5 Ke7 45. Kg3 Ra1 46. f6+ Ke6 47. Kf4 Rf1+ 48. Rf3 Bxf3 49. Bf5+ 1-0